[Event "GER Seniors Derby 13th"]
[Site "Wesel Undeloh"]
[Date "2014.05.10"]
[Round "8"]
[White "Gieseke, Karl Heinz"]
[Black "Hantke, Detlef"]
[Result "0-1"]
[WhiteElo "1147"]
[BlackElo "1745"]
[PlyCount "86"]
[EventDate "2014.05.07"]
[EventType "swiss"]
[EventRounds "9"]
[EventCountry "GER"]
[SourceTitle "EXT 2018"]
[Source "ChessBase"]
[SourceDate "2017.10.13"]
[SourceVersion "1"]
[SourceVersionDate "2017.10.13"]
[SourceQuality "1"]

1. d4 e6 2. Bf4 c5 3. e3 cxd4 4. exd4 Qb6 5. b3 d5 6. Nf3 Nc6 7. c4 Bb4+ 8. Bd2 Nxd4 9. Bxb4 Nxf3+ 10. Qxf3 Qxb4+ 11. Nd2 dxc4 12. Bxc4 Nf6 13. Rd1 0-0 14. 0-0 Bd7 15. Ne4 Nxe4 16. Qxe4 Bc6 17. Qf4 b5 18. Qc7 Rfc8 19. Qd6 Qxd6 20. Rxd6 bxc4 21. bxc4 Ba4 22. Rc1 g6 23. c5 Rc6 24. h3 Kf8 25. Kh2 Rac8 26. Rd7 a6 27. Rd4 Bb5 28. a4 Rxc5 29. Rxc5 Rxc5 30. axb5 axb5 31. Rd8+ Ke7 32. Rb8 h5 33. Kg3 Kf6 34. Rb7 Rd5 35. Kf3 Rc5 36. g3 g5 37. Kg2 Kg6 38. Rb8 f6 39. Rb6 e5 40. Re6 Rc4 41. Re8 Rd4 42. Kf1 Kf7 43. Rb8 b4 0-1

[Event "GER Seniors Derby 13th"]
[Site "Wesel Undeloh"]
[Date "2014.05.08"]
[Round "4"]
[White "Hantke, Detlef"]
[Black "Vonhoff, Joerg"]
[Result "0-1"]
[WhiteElo "1745"]
[BlackElo "1659"]
[PlyCount "114"]
[EventDate "2014.05.07"]
[EventType "swiss"]
[EventRounds "9"]
[EventCountry "GER"]
[SourceTitle "EXT 2018"]
[Source "ChessBase"]
[SourceDate "2017.10.13"]
[SourceVersion "1"]
[SourceVersionDate "2017.10.13"]
[SourceQuality "1"]

1. c4 Nf6 2. Nc3 g6 3. Nf3 Bg7 4. e4 d6 5. d4 0-0 6. Bg5 Nbd7 7. Bd3 c5 8. d5 Ng4 9. h3 Nge5 10. 0-0 Nxf3+ 11. Qxf3 Ne5 12. Qe2 Nxd3 13. Qxd3 f6 14. Be3 f5 15. f3 f4 16. Bf2 g5 17. Rab1 Be5 18. Be1 Rf6 19. Nd1 Qe8 20. Nf2 Bd4 21. Bc3 Bxf2+ 22. Rxf2 Rh6 23. Qf1 a6 24. b3 b5 25. Kh2 b4 26. Ba1 Qg6 27. Re2 g4 28. fxg4 Bxg4 29. Rf2 f3 30. Rxf3 Bxf3 31. gxf3 Qh5 32. Qg2+ Rg6 33. Qb2 Kf7 34. Rg1 Rag8 35. Rxg6 Qxg6 36. Qf2 Ke8 37. Bb2 Rf8 38. Qg3 Qxg3+ 39. Kxg3 Rg8+ 40. Kf2 Kf7 41. Bc1 Kg6 42. Bf4 Rf8 43. Kg3 a5 44. h4 a4 45. Kg4 h5+ 46. Kg3 axb3 47. axb3 Ra8 48. Bg5 Kf7 49. Kf4 Ra3 50. Kf5 Rxb3 51. f4 Rc3 52. e5 Rxc4 53. e6+ Ke8 54. Kg6 b3 55. f5 b2 56. Bxe7 b1Q 57. Bg5 Rd4 0-1

[Event "GER Seniors Derby 13th"]
[Site "Wesel Undeloh"]
[Date "2014.05.07"]
[Round "1"]
[White "Hantke, Detlef"]
[Black "Mencke, Hans Juergen"]
[Result "1-0"]
[WhiteElo "1745"]
[BlackElo "1377"]
[PlyCount "87"]
[EventDate "2014.05.07"]
[EventType "swiss"]
[EventRounds "9"]
[EventCountry "GER"]
[SourceTitle "EXT 2018"]
[Source "ChessBase"]
[SourceDate "2017.10.13"]
[SourceVersion "1"]
[SourceVersionDate "2017.10.13"]
[SourceQuality "1"]

1. c4 e6 2. d4 d5 3. e3 Nf6 4. Nc3 c6 5. Nf3 Nbd7 6. Bd3 Bd6 7. a3 0-0 8. 0-0 Re8 9. c5 Bc7 10. Qc2 e5 11. dxe5 Nxe5 12. Nxe5 Bxe5 13. Rb1 Bxh2+ 14. Kxh2 Ng4+ 15. Kg3 Qc7+ 16. f4 Nxe3 17. Bxe3 Rxe3+ 18. Rf3 Rxf3+ 19. Kxf3 g6 20. Rh1 Qd7 21. g3 Qg4+ 22. Kf2 Bd7 23. Qe2 Re8 24. Qxg4 Bxg4 25. Re1 Re6 26. Be2 Bf5 27. Bf3 h5 28. Ne2 Be4 29. Nd4 Re7 30. Bxe4 dxe4 31. Nf3 f5 32. Ne5 Kg7 33. Rd1 g5 34. Rd7 Rxd7 35. Nxd7 gxf4 36. gxf4 Kf7 37. Ne5+ Ke6 38. Nc4 h4 39. Ne3 b6 40. b4 bxc5 41. bxc5 a6 42. a4 Kf6 43. Kg2 Kg6 44. Kh3 1-0